[Event "Open d'Avoine 2017"]
[Site "Avoine"]
[Date "2017.07.22"]
[Round "2.31"]
[White "Retailleau, Elise"]
[Black "Cantin, Loic"]
[Result "0-1"]
[WhiteElo "1965"]
[BlackElo "2184"]
[PlyCount "64"]
[EventDate "2017.??.??"]

1. e4 g6 2. d4 Bg7 3. f4 c6 4. Nf3 d5 5. e5 h5 6. Bd3 Nh6 7. Ng5 Bg4 8. Qd2 e6
9. b3 Qb6 10. Bb2 Bf5 11. Nc3 Bf8 12. Ne2 c5 13. O-O Nc6 14. Kh1 Bxd3 15. Qxd3
Nf5 16. c4 dxc4 17. bxc4 cxd4 18. Rab1 Qa6 19. Ne4 Be7 20. Nd6+ Bxd6 21. exd6
Rd8 22. Ba3 Nxd6 23. Rfc1 O-O 24. Ng3 Rfe8 25. Qb3 Na5 26. Qd3 Naxc4 27. Bc5
Qxa2 28. Qxd4 Nf5 29. Qxc4 Rd1+ 30. Bg1 Qxc4 31. Rxc4 Rxb1 32. Nxf5 exf5 0-1

[Event "Open d'Avoine 2017"]
[Site "Avoine"]
[Date "2017.07.22"]
[Round "2.32"]
[White "Dalaud, Dorian"]
[Black "De Lussac, Rainier"]
[Result "1-0"]
[WhiteElo "1937"]
[BlackElo "2149"]
[PlyCount "69"]
[EventDate "2017.??.??"]

1. e4 c5 2. Nf3 e6 3. d4 cxd4 4. Nxd4 Nc6 5. Nc3 Qc7 6. Be3 a6 7. Qd2 Nf6 8. f3
Be7 9. O-O-O h5 10. Qf2 d6 11. Rg1 b5 12. Kb1 Bb7 13. Be2 b4 14. Na4 d5 15. Nb3
O-O 16. Nb6 Rad8 17. exd5 exd5 18. Bc5 Rfe8 19. Na4 Qxh2 20. Rh1 Qe5 21. Rde1
Bxc5 22. Naxc5 Qc7 23. g4 Re5 24. f4 Nxg4 25. Qh4 Rxe2 26. Rxe2 g6 27. Nxb7
Qxb7 28. f5 Qd7 29. fxg6 fxg6 30. Qg5 Kh7 31. Nd4 Re8 32. Rxe8 Qxe8 33. Nxc6
Qxc6 34. Qxg4 d4 35. Qh3 1-0

[Event "Open d'Avoine 2017"]
[Site "Avoine"]
[Date "2017.07.22"]
[Round "2.33"]
[White "Degardin, Sylvain"]
[Black "Mauffrey, Hugues"]
[Result "1-0"]
[WhiteElo "2149"]
[BlackElo "1923"]
[PlyCount "69"]
[EventDate "2017.??.??"]

1. e4 c5 2. Nf3 Nc6 3. d4 cxd4 4. Nxd4 Nf6 5. Nc3 e5 6. Ndb5 d6 7. Bg5 a6 8.
Na3 b5 9. Nd5 Be7 10. Bxf6 Bxf6 11. c4 Bg5 12. Nc2 O-O 13. cxb5 Ne7 14. Nce3
Bxe3 15. Nxe3 axb5 16. b4 Qb6 17. Be2 Be6 18. a3 Rfc8 19. O-O Rc3 20. a4 bxa4
21. Rxa4 Rac8 22. Ra6 Qxb4 23. Rxd6 Nc6 24. Nd5 Bxd5 25. Qxd5 Rc5 26. Qd3 Nd4
27. Bg4 Rb8 28. Rd7 Rc3 29. Qd2 g6 30. Qg5 Rc5 31. h4 h5 32. Bxh5 Ne6 33. Qf6
Rf8 34. Bxg6 Rc6 35. Bxf7+ 1-0

[Event "Open d'Avoine 2017"]
[Site "Avoine"]
[Date "2017.07.22"]
[Round "2.39"]
[White "Dreux, Vincent"]
[Black "Herdier, Goulwenn"]
[Result "1-0"]
[WhiteElo "1947"]
[BlackElo "2149"]
[PlyCount "101"]
[EventDate "2017.??.??"]

1. c4 Nf6 2. Nc3 g6 3. g3 Bg7 4. Bg2 O-O 5. e3 c5 6. Nge2 Nc6 7. O-O d6 8. b3
Rb8 9. Bb2 Bg4 10. h3 Bd7 11. d4 Qc8 12. Kh2 cxd4 13. Nxd4 a6 14. Rc1 b6 15.
Nd5 Re8 16. Nxc6 Bxc6 17. Nxf6+ exf6 18. Qxd6 Bxg2 19. Kxg2 Rd8 20. Qf4 Rb7 21.
Rfd1 Rbd7 22. Qf3 f5 23. Bxg7 Kxg7 24. Rxd7 Qxd7 25. Rc2 Qd3 26. Qe2 Qd6 27.
Qe1 g5 28. Qc3+ Kg6 29. Rc1 g4 30. hxg4 fxg4 31. b4 Qc6+ 32. Kg1 Qf3 33. Qc2+
Kg7 34. e4 Re8 35. c5 bxc5 36. bxc5 Qxe4 37. Qxe4 Rxe4 38. c6 Re8 39. c7 Rc8
40. Kf1 Kf8 41. Ke2 Ke7 42. Ke3 Kd7 43. Kf4 Rxc7 44. Rxc7+ Kxc7 45. Kxg4 Kd7
46. Kg5 Ke6 47. f4 f6+ 48. Kh6 Kf5 49. Kxh7 Kg4 50. Kg6 Kxg3 51. f5 1-0

[Event "Open d'Avoine 2017"]
[Site "Avoine"]
[Date "2017.07.22"]
[Round "2.37"]
[White "Belenkaya, Dina"]
[Black "Bat, Bilguun"]
[Result "1-0"]
[WhiteElo "2323"]
[BlackElo "1902"]
[PlyCount "87"]
[EventDate "2017.??.??"]

1. e4 c5 2. Nf3 d6 3. Bb5+ Bd7 4. Bxd7+ Qxd7 5. O-O g6 6. c3 Nf6 7. Qe2 Bg7 8.
d4 cxd4 9. cxd4 O-O 10. Nc3 Nc6 11. d5 Ne5 12. Nxe5 dxe5 13. Rd1 e6 14. Bg5
exd5 15. Bxf6 Bxf6 16. Nxd5 Qd8 17. Rac1 Rb8 18. Rc7 Kh8 19. Qb5 Bg7 20. Rxb7
Rxb7 21. Qxb7 Qb8 22. Qxb8 Rxb8 23. b4 Bf8 24. a3 Kg7 25. Rc1 a5 26. Rc4 axb4
27. axb4 Rb5 28. Kf1 Bd6 29. Ke2 f5 30. f3 Kf7 31. Kd3 Ke6 32. Kc3 Kd7 33. Kb3
h6 34. Rc2 f4 35. Ra2 Rb7 36. Ra8 Bb8 37. Kc4 h5 38. b5 h4 39. h3 g5 40. Kb4
Bd6+ 41. Ka5 Bb8 42. Ka6 Kc8 43. Nb6+ Kc7 44. Nc4 1-0

[Event "Open d'Avoine 2017"]
[Site "Avoine"]
[Date "2017.07.22"]
[Round "2.38"]
[White "Aubert, Estee"]
[Black "Gatineau, Yovann"]
[Result "0-1"]
[WhiteElo "1890"]
[BlackElo "2215"]
[PlyCount "58"]
[EventDate "2017.??.??"]

1. Nf3 c5 2. g3 Nc6 3. Bg2 e5 4. c4 g6 5. Nc3 Bg7 6. d3 Nge7 7. O-O d6 8. Ne1
O-O 9. Nc2 Be6 10. Ne3 Qd7 11. Ned5 Bh3 12. Bh6 Bxg2 13. Bxg7 Kxg7 14. Kxg2 f5
15. e3 Rab8 16. Qa4 h5 17. h4 f4 18. exf4 exf4 19. Nxe7 Qxe7 20. Nd5 Qe2 21.
Qd1 f3+ 22. Kh2 Nd4 23. Rb1 Rbe8 24. Nc3 Qe6 25. Qd2 Ne2 26. Rbe1 Qg4 27. Nd5
Re5 28. Rh1 Rfe8 29. b4 Nxg3 0-1

[Event "Open d'Avoine 2017"]
[Site "Avoine"]
[Date "2017.07.22"]
[Round "2.39"]
[White "Ribeiro, Romain"]
[Black "Lambert, Thomas"]
[Result "1-0"]
[WhiteElo "2200"]
[BlackElo "1885"]
[PlyCount "103"]
[EventDate "2017.??.??"]

1. e4 {[%emt 0:00:00]} e5 {[%emt 0:00:00]} 2. Nf3 Nc6 3. Bb5 a6 4. Ba4 Nf6 5.
O-O b5 6. Bb3 Bc5 7. d3 O-O 8. c3 Bb6 9. Nbd2 d5 10. h3 Be6 11. Re1 dxe4 12.
dxe4 Bxb3 13. axb3 Qd3 14. Qe2 Rfd8 15. b4 a5 16. bxa5 Rxa5 17. Rxa5 Bxa5 18.
Qxd3 Rxd3 19. Nb3 Bb6 20. Bg5 Nd7 21. Kf1 f6 22. Bd2 Na5 23. Nxa5 Bxa5 24. Ra1
Bb6 25. Ke2 Rd6 26. Ra8+ Kf7 27. Nh4 Nc5 28. Nf5 Rd7 29. f3 Nb3 30. Be3 Bxe3
31. Kxe3 Nd2 32. Rb8 c6 33. Ke2 Nc4 34. b3 Na5 35. Rc8 g6 36. Ne3 Rd6 37. b4
Nb3 38. Rc7+ Ke6 39. c4 Nc1+ 40. Kf1 Rd3 41. Rxc6+ Kd7 42. cxb5 Rxe3 43. Rxc1
Rb3 44. Rc4 Ra3 45. b6 Ra6 46. Rc7+ Kd6 47. Rf7 Rxb6 48. Rxf6+ Kc7 49. Rxb6
Kxb6 50. f4 exf4 51. Ke2 h5 52. h4 1-0

[Event "Open d'Avoine 2017"]
[Site "Avoine"]
[Date "2017.07.22"]
[Round "2.40"]
[White "Seite, Sullian"]
[Black "Durand-Le Ludec, Brendan-Budok"]
[Result "0-1"]
[WhiteElo "1886"]
[BlackElo "2184"]
[PlyCount "58"]
[EventDate "2017.??.??"]

1. Nf3 Nf6 2. c4 g6 3. Nc3 Bg7 4. e4 d6 5. d4 O-O 6. Be2 Nbd7 7. O-O e5 8. d5
Nc5 9. Qc2 a5 10. Rb1 Nfxe4 11. Nxe4 Nxe4 12. Be3 f5 13. Nd2 Nf6 14. f4 Ng4 15.
Bxg4 fxg4 16. Rbe1 Bf5 17. Ne4 Qe7 18. fxe5 Qxe5 19. Rxf5 gxf5 20. Ng5 Rae8 21.
Bf2 Qxb2 22. Qxb2 Rxe1+ 23. Bxe1 Bxb2 24. Ne6 Rc8 25. Bxa5 b6 26. Bb4 Be5 27.
h3 c6 28. hxg4 cxd5 29. cxd5 fxg4 0-1

[Event "Open d'Avoine 2017"]
[Site "Avoine"]
[Date "2017.07.22"]
[Round "2.41"]
[White "Viers, Emmanuel"]
[Black "Degremont, Patrick"]
[Result "1-0"]
[WhiteElo "2149"]
[BlackElo "1871"]
[PlyCount "41"]
[EventDate "2017.??.??"]

1. Nf3 e6 2. d4 d5 3. Nc3 Nf6 4. Bg5 Be7 5. Bxf6 gxf6 6. e4 dxe4 7. Nxe4 b6 8.
c3 Bb7 9. Bb5+ Nd7 10. Qe2 a6 11. Bd3 c5 12. dxc5 Nxc5 13. Nxc5 Bxc5 14. Rd1
Qc7 15. Be4 Ke7 16. O-O Bxe4 17. Qxe4 f5 18. Qh4+ f6 19. Rfe1 Rag8 20. b4 Bd6
21. Nd4 1-0

[Event "Open d'Avoine 2017"]
[Site "Avoine"]
[Date "2017.07.22"]
[Round "2.42"]
[White "Bourdeaux, Gabin"]
[Black "Rodriguez Rodriguez, Antonio"]
[Result "1/2-1/2"]
[WhiteElo "1868"]
[BlackElo "2142"]
[PlyCount "71"]
[EventDate "2017.??.??"]

1. e4 {[%emt 0:00:00]} e6 {[%emt 0:00:00]} 2. Qe2 e5 3. Nf3 Nc6 4. g3 Nf6 5.
Bg2 Bc5 6. c3 d6 7. O-O Bg4 8. h3 Bh5 9. d3 O-O 10. g4 Bg6 11. Nh4 Nd7 12. Nf5
Bxf5 13. gxf5 Qh4 14. a4 a5 15. Na3 Nf6 16. Nb5 Rac8 17. Bd2 g6 18. Qf3 g5 19.
Kh1 Nh5 20. Qg4 Qxg4 21. hxg4 Nf4 22. Bxf4 gxf4 23. f6 Bb6 24. Bh3 Kh8 25. Kg2
Rg8 26. Kf3 Rg5 27. Rh1 Rcg8 28. d4 exd4 29. cxd4 Nxd4+ 30. Nxd4 Bxd4 31. Rac1
c6 32. Kxf4 Bxf6 33. Rcd1 Rc5 34. Ke3 Bxb2 35. Rxd6 Re8 36. Rd7 1/2-1/2

[Event "Open d'Avoine 2017"]
[Site "Avoine"]
[Date "2017.07.22"]
[Round "2.43"]
[White "Budak, Rezan"]
[Black "Flachet, Thierry"]
[Result "0-1"]
[WhiteElo "1841"]
[BlackElo "2128"]
[PlyCount "112"]
[EventDate "2017.??.??"]

1. e4 e6 2. d4 d5 3. Nc3 Nf6 4. Bg5 Bb4 5. e5 h6 6. exf6 hxg5 7. fxg7 Rg8 8. h4
gxh4 9. Qh5 Qf6 10. Qxh4 Qxh4 11. Rxh4 Rxg7 12. Nf3 Nc6 13. O-O-O Bd7 14. Ne2
O-O-O 15. g3 Be7 16. Rh2 Bd6 17. Bg2 Rdg8 18. c3 Ne7 19. Nh4 Rh8 20. Nf3 Rxh2
21. Nxh2 Bb5 22. Kd2 Rh7 23. Rh1 Ng6 24. Ng4 Rxh1 25. Bxh1 f5 26. Nh6 Nh8 27.
Nf4 Kd7 28. Ng8 Bf8 29. Bf3 Kd6 30. Ke3 Be8 31. Nf6 Bf7 32. Bh5 Bxh5 33. N4xh5
Ke7 34. f4 Nf7 35. Nh7 Nd6 36. Nxf8 Kxf8 37. Kf3 Nc4 38. b3 Nd2+ 39. Kg2 Ne4
40. c4 Kf7 41. g4 fxg4 42. cxd5 exd5 43. f5 c6 44. Nf4 Kf6 45. Ne6 Kxf5 46. Nd8
Nd6 47. Kg3 Kf6 48. Kxg4 Ke7 49. Nxb7 Nxb7 50. Kg5 Nd6 51. a4 a5 52. Kf4 Ke6
53. Ke3 Kf5 54. Kf3 Ne4 55. Ke3 Nc3 56. Kd3 Na2 0-1

[Event "Open d'Avoine 2017"]
[Site "Avoine"]
[Date "2017.07.22"]
[Round "2.44"]
[White "Bournel, Antoine"]
[Black "Genereau, Thierry"]
[Result "1-0"]
[WhiteElo "2084"]
[BlackElo "1868"]
[PlyCount "56"]
[EventDate "2017.??.??"]

1. e4 {[%emt 0:00:00]} c6 2. Nc3 d5 3. Nf3 dxe4 4. Nxe4 Nf6 5. Qe2 Bf5 6. d3 e6
7. Bd2 Be7 8. O-O-O c5 9. Ne5 Qd5 10. Nc3 Qd6 11. g4 Bg6 12. Bg2 Qa6 13. f4
Nbd7 14. Nxd7 Kxd7 15. Rhe1 Rhe8 16. Qf3 b5 17. Kb1 b4 18. Ne4 Rab8 19. f5 Nd5
20. fxg6 Qa5 21. gxf7 Rec8 22. b3 Qa3 23. Bc1 Qa5 24. Bb2 Rc6 25. c4 bxc3 26.
Nxc3 Nxc3+ 27. Bxc3 Qxc3 28. Qxc6+ Kd8 1-0

[Event "Open d'Avoine 2017"]
[Site "Avoine"]
[Date "2017.07.22"]
[Round "2.45"]
[White "Boulnois, Boris"]
[Black "Kavciyan, Yega"]
[Result "1-0"]
[WhiteElo "1840"]
[BlackElo "2082"]
[PlyCount "69"]
[EventDate "2017.??.??"]

1. e4 c5 2. Nf3 Nc6 3. d4 cxd4 4. Nxd4 Nf6 5. Nc3 e5 6. Ndb5 d6 7. Bg5 a6 8.
Na3 b5 9. Nd5 Be7 10. Bxf6 Bxf6 11. c4 Bg5 12. cxb5 Nd4 13. b6 O-O 14. Bc4 Bb7
15. Qd3 Rc8 16. Nc7 Rxc7 17. bxc7 Qxc7 18. O-O Qb6 19. b3 Kh8 20. Kh1 f5 21. f3
Rf6 22. Nc2 Ne6 23. Bxe6 Rxe6 24. Na3 Rh6 25. Nc4 Qd8 26. Rad1 Bf4 27. h3 d5
28. Ne3 Qg5 29. Nxd5 Rd6 30. Qc2 Bxd5 31. Rxd5 Rxd5 32. exd5 g6 33. g4 e4 34.
fxe4 fxg4 35. Qc8+ 1-0

[Event "Open d'Avoine 2017"]
[Site "Avoine"]
[Date "2017.07.22"]
[Round "2.46"]
[White "Budak, Rewi"]
[Black "Weibel, Theo"]
[Result "1-0"]
[WhiteElo "2080"]
[BlackElo "1862"]
[PlyCount "75"]
[EventDate "2017.??.??"]

1. e4 c5 2. d4 cxd4 3. Nf3 Nc6 4. c3 dxc3 5. Nxc3 g6 6. Bc4 Bg7 7. O-O Nh6 8.
Bf4 O-O 9. h3 Kh8 10. Qd2 Ng8 11. Rfd1 d6 12. e5 dxe5 13. Qxd8 Nxd8 14. Nxe5
Ne6 15. Bg3 Nf6 16. Rd2 Ng5 17. Re1 Bf5 18. f3 Rac8 19. Bb3 Kg8 20. Bh4 Bh6 21.
Rde2 Rcd8 22. Nxf7 Nxf7 23. Rxe7 g5 24. Bf2 Rd7 25. Bxa7 Bg6 26. Rxd7 Nxd7 27.
Re7 Rd8 28. Be6 Nf8 29. Bb3 Nd7 30. Be6 Nf8 31. Bb3 Nd7 32. Nd5 Bf8 33. Rxd7
Rxd7 34. Nf6+ Kg7 35. Nxd7 Bd6 36. Bd4+ Kh6 37. Nf6 Ne5 38. Bxe5 1-0

[Event "Open d'Avoine 2017"]
[Site "Avoine"]
[Date "2017.07.22"]
[Round "2.47"]
[White "Gauclain, Loic"]
[Black "Batteux, Mickael"]
[Result "0-1"]
[WhiteElo "1832"]
[BlackElo "2076"]
[PlyCount "32"]
[EventDate "2017.??.??"]

1. e4 Nf6 2. e5 Nd5 3. c4 Nb6 4. d4 d6 5. Nf3 g6 6. Nc3 Bg7 7. Bf4 O-O 8. Be2
Be6 9. b3 Na6 10. Qd2 c5 11. d5 Bg4 12. exd6 exd6 13. O-O-O Qf6 14. Nb1 Rfe8
15. Bg5 Qa1 16. a3 Bf5 0-1

[Event "Open d'Avoine 2017"]
[Site "Avoine"]
[Date "2017.07.22"]
[Round "2.48"]
[White "Joly, Julien"]
[Black "Bodicker, Rob"]
[Result "1/2-1/2"]
[WhiteElo "1820"]
[BlackElo "2076"]
[PlyCount "69"]
[EventDate "2017.??.??"]

1. d4 Nf6 2. Nf3 d5 3. g3 e6 4. Bg2 c5 5. O-O Nc6 6. c4 Be7 7. cxd5 exd5 8.
dxc5 O-O 9. a3 Ne4 10. Nbd2 Bxc5 11. b4 Be7 12. Bb2 Bf6 13. Qc2 Re8 14. Rad1
Qe7 15. Nb3 Be6 16. b5 Nd8 17. Nfd4 Rc8 18. Qd3 Nd6 19. Ba1 Nc4 20. Nxe6 fxe6
21. e4 Bxa1 22. Rxa1 Nf7 23. exd5 Red8 24. Rfe1 Qf6 25. Qe2 e5 26. a4 Nfd6 27.
Rac1 Rf8 28. Rf1 e4 29. Qg4 Rce8 30. Nc5 Ne5 31. Qe2 Nf3+ 32. Kh1 Qh6 33. h3
Nd2 34. Rfd1 Nf3 35. Rf1 1/2-1/2

[Event "Open d'Avoine 2017"]
[Site "Avoine"]
[Date "2017.07.22"]
[Round "2.49"]
[White "Rivalin, Kenny"]
[Black "Ouadi, Ali"]
[Result "1-0"]
[WhiteElo "2074"]
[BlackElo "1856"]
[PlyCount "56"]
[EventDate "2017.??.??"]

1. e4 b6 2. d4 Bb7 3. Bd3 Nf6 4. Qe2 e6 5. Nf3 d5 6. e5 Ne4 7. O-O Be7 8. Nbd2
Nxd2 9. Bxd2 c5 10. c3 Qc8 11. dxc5 bxc5 12. b4 O-O 13. Bg5 Qd8 14. Be3 Nd7 15.
Rfd1 Qc7 16. Bf4 a5 17. b5 a4 18. Qc2 h6 19. Qd2 h5 20. Bc2 c4 21. Bg5 Nc5 22.
Bf6 Ne4 23. Bxe4 Bxf6 24. exf6 gxf6 25. Bc2 Kg7 26. Re1 Rg8 27. Nd4 Kf8 28.
Rxe6 Rg6 1-0

[Event "Open d'Avoine 2017"]
[Site "Avoine"]
[Date "2017.07.22"]
[Round "2.50"]
[White "Rayne, Remy"]
[Black "Mas, Victor"]
[Result "1-0"]
[WhiteElo "2071"]
[BlackElo "1853"]
[PlyCount "63"]
[EventDate "2017.??.??"]

1. d4 d5 2. Nc3 Nf6 3. Bg5 Nbd7 4. f3 h6 5. Bh4 e6 6. e4 dxe4 7. fxe4 Be7 8. e5
Nd5 9. Bxe7 Nxe7 10. Nf3 Nb6 11. Bd3 Ned5 12. Qd2 Nb4 13. O-O Nxd3 14. Qxd3 Nd5
15. Ne4 O-O 16. c3 b6 17. Nfd2 a5 18. Qg3 Kh8 19. Rf3 Ne7 20. Qh4 Bb7 21. Raf1
Qe8 22. Qf2 Kg8 23. g4 Rd8 24. g5 Nf5 25. gxh6 Nxh6 26. Qh4 Bxe4 27. Nxe4 Qc6
28. Rg3 Kh8 29. Rxg7 Kxg7 30. Qg5+ Kh7 31. Nf6+ Kh8 32. Qxh6# 1-0